000 00385nam a2200145Ia 4500
008 100122s9999 xx 000 0 und d
082 _b51133
_a823.08
100 _aखांडेकर वि स
245 _aअस्थी
260 _bअनुपम प्रकाशन
_c1976
300 _a56
630 _aअस्थी
730 _aअस्थी
942 _cBOOK
999 _c428659
_d428656